| 000 | 00654nam a22001935i 4500 | ||
|---|---|---|---|
| 001 | 157719 | ||
| 003 | ES-MaACL | ||
| 005 | 20250804062752.0 | ||
| 008 | 040812s1898 fr |||| | fre d | ||
| 040 |
_aCAM _bspa _cCAM |
||
| 100 | 1 |
_aLichtenberger, Henri. _972188 |
|
| 245 | 1 | 3 |
_aLa philosophie de Nietzsche / _cpar Henri Lichtenberger. |
| 260 |
_aParis : _bFélix Alcan éditeur, _c1898 ( _eEvreux : _fImprimerie de Charles Hérissey) |
||
| 300 |
_a186 p. ; _c19 cm. |
||
| 600 | 1 | 4 |
_aNietzsche, Friedrich, _d1844-1900 _985718 |
| 650 | 7 |
_aFilosofía _2embne _912802 |
|
| 852 |
_aES-MaACL _jF-11843 _z-- Enc. pasta española |
||
| 999 |
_c157719 _d157719 |
||